000 00581nam a2200229Ia 4500
003 OSt
005 20221005124303.0
006 a|||||r|||| 00| 0
007 ta
008 221004b |||||||| |||| 00| 0 eng d
024 _a61522
037 _cTextual
040 _aCRL
_cCRL
_beng
041 _2eng
_aeng
082 _aV1:19aN4, H5
100 _aMeherally Yusuf
_9102221
245 0 _aModern world
_b A political study syllabus.
260 _c1945
650 _aHISTORY
942 _hV1:19aN4, H5
_cTEXL
_2cc
999 _c1050015
_d1050015